00522nam a2200193 a 4500001001300000003000900013005001700022008004100039020001200080082001500092100001800107245004900125260003300174300000900207500003500216505002000251650003900271700001800310nice12345678IN_TiNIC20260116012148.0050524s1965 edia grp 000 0 eng  ac28.8500a225.6bTUR aTurner, Nigel aGrammatical Insights into the New Testament. aEdinburghbT & T Clarkc1965 a191p aincludes index and biblioraphy2 aIndex of Author aBible N.T. Criticism-Interpretaion1 aTurner, Nigel